| 000 | 00562nam a22001697a 4500 | ||
|---|---|---|---|
| 005 | 20251108172147.0 | ||
| 008 | 250721s1994 xx 000 0 ara d | ||
| 082 | 1 | 4 | _a664/أسس |
| 100 | 1 |
_aمصطفى، مصطفى كمال _eمحرر |
|
| 245 | 1 | 0 | _aأسس تكنولوجيا الصناعات الزراعية و الألبان / |
| 264 | 1 |
_aالقاهرة : _bالشركة العربية للنشر و التوزيع، _c1994. |
|
| 300 | _a499ص | ||
| 650 | 1 | 7 | _aصناعة الأغذية |
| 650 | 1 | 7 | _aالألبان |
| 942 |
_2ddc _cBK |
||
| 999 |
_c71950 _d71950 |
||